00830nam a2200229 i 450000100060000000300090000600500170001500700030003200800410003502000180007608000290009408000170012310000350014024501880017526000470036330000220041065000370043265000490046965000390051870000210055785200220057814602ES-MaACL20231218195838.0t|990429s1998 sp ||||1|dspa d a84-03-59503-4 a929:821.134.2"19"(089.3) a929(460)"19"1 aCarabias, Josefina,d1908-198010aComo yo los he visto b: encuentros con Valle-Inclán, Unamuno, Baroja, Marañón, Pastora Imperio, Ramiro de Maeztu y Belmonte / cJosefina Carabias ; prólogo de Victoria Prego. aMadrid : bEl País : bAguilar, c[1998] a223 p. ; c24 cm.04aGeneración del 98 (Literatura) 4aEscritores españoles-yS.XX-xAnécdotas.04aEspañoles-yS.XX-xBiografías.1 aPrego, Victoria. aES-MaACLjL-21814